Tanchin hoih Luka gelh Hilhchetna Bung 13-24 (Record no. 10860)

MARC details
000 -LEADER
fixed length control field 00523nam a22001817a 4500
003 - CONTROL NUMBER IDENTIFIER
control field GBCCL
005 - DATE AND TIME OF LATEST TRANSACTION
control field 20250616130403.0
008 - FIXED-LENGTH DATA ELEMENTS--GENERAL INFORMATION
fixed length control field 250616b |||||||| |||| 00| 0 eng d
040 ## - CATALOGING SOURCE
Transcribing agency GBC
082 ## - DEWEY DECIMAL CLASSIFICATION NUMBER
Classification number VER 226.407
Item number KHA 1
100 ## - MAIN ENTRY--PERSONAL NAME
Personal name Khamvum, V
245 ## - TITLE STATEMENT
Title Tanchin hoih Luka gelh Hilhchetna Bung 13-24
260 ## - PUBLICATION, DISTRIBUTION, ETC.
Place of publication, distribution, etc. New Lamka:
Name of publisher, distributor, etc. Evangelical Baptist Convention,
Date of publication, distribution, etc. 2015
300 ## - PHYSICAL DESCRIPTION
Extent 296p. ;
490 ## - SERIES STATEMENT
Series statement Saptuam' Laisiangthou Hilhchetna
650 ## - SUBJECT ADDED ENTRY--TOPICAL TERM
Topical term or geographic name entry element Bible
Form subdivision New Testament
General subdivision Luke
-- Commentary
942 ## - ADDED ENTRY ELEMENTS (KOHA)
Source of classification or shelving scheme Dewey Decimal Classification
Koha item type Books
Suppress in OPAC No
Holdings
Withdrawn status Lost status Source of classification or shelving scheme Damaged status Not for loan Home library Current Library Shelving location Date acquired Total checkouts Full call number Barcode Date last seen Copy number Price effective from Koha item type
    Dewey Decimal Classification     GRACE BIBLE COLLEGE GRACE BIBLE COLLEGE Vernacular 2025-06-16   VER 226.407 KHA 021022 2025-06-16 c.1 2025-06-16 Books
    Dewey Decimal Classification     GRACE BIBLE COLLEGE GRACE BIBLE COLLEGE Vernacular 2025-06-16   VER 226.407 KHA 021023 2025-06-16 c.2 2025-06-16 Books
© Grace Bible College Library 2025